| Tag |
First Indicator |
Second Indicator |
Subfields |
| LEADER |
00000cam a22000001a 4500 |
| 001 |
in00003675621 |
| 005 |
20190408175242.0 |
| 006 |
m o d f |
| 007 |
cr bn mmmapmmp |
| 008 |
141203s1928 dcu o f000 0 eng d |
| 035 |
|
|
|a ebd1910206755
|
| 040 |
|
|
|a UMI
|c UMI
|d UtOrBLW
|
| 086 |
0 |
|
|a C 18.5/1:928/41
|
| 099 |
|
|
|a C18.5-18.41
|
| 110 |
1 |
|
|a United States.
|b Bureau of Foreign and Domestic Commerce.
|0 http://id.loc.gov/authorities/names/n78091156
|
| 245 |
1 |
0 |
|a Progress on Cuban central highway.
|
| 264 |
|
1 |
|a [Washington] :
|b GPO,
|c 1928.
|
| 300 |
|
|
|a 1 online resource (pages 73-136+illus. pages)
|
| 336 |
|
|
|a text
|b txt
|2 rdacontent
|
| 337 |
|
|
|a computer
|b c
|2 rdamedia
|
| 338 |
|
|
|a online resource
|b cr
|2 rdacarrier
|
| 500 |
|
|
|a Weekly report presenting information on trade and economic conditions worldwide. Includes articles and notes on world trade, manufacturing, natural resources, government finances, foreign exchange, commercial laws, and economic and market conditions.
|
| 533 |
|
|
|a Electronic reproduction.
|b [Bethesda, Md.] :
|c ProQuest,
|d 2014.
|e digital, PDF file.
|n ProQuest U.S. Executive Branch Documents
|n Mode of access: World Wide Web via ProQuest website.
|
| 588 |
|
|
|a Record is based on online resource; title from PDF title page (ProQuest, last viewed Dec. 2014). Reuse except for individual research requires license from ProQuest, LLC.
|
| 500 |
|
|
|a Electronic resource.
|
| 650 |
|
0 |
|a Fruit trade.
|0 http://id.loc.gov/authorities/subjects/sh85052184
|
| 650 |
|
0 |
|a Iron industry and trade.
|0 http://id.loc.gov/authorities/subjects/sh85068196
|
| 650 |
|
0 |
|a Lamps.
|0 http://id.loc.gov/authorities/names/no96053740
|
| 650 |
|
0 |
|a Lighting.
|0 http://id.loc.gov/authorities/subjects/sh85076925
|
| 650 |
|
0 |
|a Motor vehicle industry.
|0 http://id.loc.gov/authorities/subjects/sh90002778
|
| 650 |
|
0 |
|a Steel industry and trade.
|0 http://id.loc.gov/authorities/subjects/sh85127829
|
| 655 |
|
7 |
|a Electronic books.
|2 local
|
| 856 |
4 |
0 |
|u http://proxy.library.tamu.edu/login?url=http://congressional.proquest.com/congressional/docview/t66.d71.c18.5-18.41
|z Connect to the full text of this electronic document
|t 0
|
| 999 |
f |
f |
|s 303d3281-1d81-3fb3-80ad-3332273f2785
|i e0625912-8c55-35c0-9935-05cf705c85cb
|t 0
|
| 952 |
f |
f |
|a Texas A&M University
|b College Station
|c Electronic Resources
|d Available Online
|t 0
|h No information provided
|
| 998 |
f |
f |
|t 0
|l Available Online
|